Titre à son album - Sch - Clic quiz - Statistiques

Statistiques générales
  • Ce quiz a été pris 137 fois
  • Le résultat moyen est 21 sur 30
Statistiques - réponses
Hint Réponse % Correct
Fusil A7
83%
Otto JVLIVS
82%
Mayday Rooftop
79%
John Lennon A7
78%
6.45I Deo Favente
77%
Cannelloni JVLIVS Prequel : Giulio
77%
Le doc Anarchie
76%
Tokarev JVLIVS
76%
Loup noir JVLIVS II
76%
Deux mille JVLIVS III : Ad Finem
76%
Le code JVLIVS
74%
Mode akimbo JVLIVS II
74%
Gedeon A7
72%
La nuit Deo Favente
71%
Transmission automatique Autobahn
70%
Les hommes aux yeux noirs JVLIVS Prequel : Giulio
70%
Stigmates JVLIVS III : Ad Finem
69%
Dix-neuf Anarchie
66%
Zone à danger JVLIVS II
64%
Quartiers nord JVLIVS III : Ad Finem
64%
Alleluia Anarchie
63%
Day Date Deo Favente
63%
Ciel bleu JVLIVS Prequel : Giulio
62%
Ciel rouge JVLIVS
60%
Niobe Autobahn
59%
Super Silver Haze Rooftop
57%
Frime Rooftop
56%
Ça va Deo Favente
55%
Blue Bahamas Autobahn
54%
Grand bain JVLIVS II
54%
Aucun quiz correspondant
Distribution des résultats
% des personnes avec chaque résultat
Percentile par nombre de réponses
Votre historique - résultats
Vous n’avez pas pris ce quiz